| 000 | 00856nam a2200217 i 4500 | ||
|---|---|---|---|
| 001 | 10578 | ||
| 003 | ES-MaACL | ||
| 005 | 20231118182544.0 | ||
| 008 | 151216s2013 sp ac |||| |dspa d | ||
| 020 | _a978-84-616-2955-8 | ||
| 080 | _a821.134.2-82"19" | ||
| 100 | 1 |
_aLópez Delgado, Juan Antonio. _973607 |
|
| 245 | 1 | 0 |
_aDivagaciones histórico-artísticas _b: tercera parte de la "Miscelánea erudita" / _cJuan Antonio López Delgado. |
| 260 |
_a[Murcia] : _bJ.A. López Delgado, _c2013 ( _fNeocromo) |
||
| 300 |
_a181 p. : _bil. col. ; _c25 cm. |
||
| 504 | _aBibliografía: p. 175-181. | ||
| 852 |
_aES-MaACL _jA-13511 _9101868 _bR.150841 _cDEPO1 _dOlim: N-6511 _hDonación: Juan Antonio López Delgado _gDedicatoria autógrafa del autor |
||
| 903 |
_973607 _aLópez Delgado, Juan Antonio _ednr |
||
| 942 |
_2udc _cMONOGRAFIA |
||
| 999 |
_c10578 _d10578 |
||